000 00405cam a22001337a 4500
008 180718b1953 xxu||||| |||| 00| 0 eng d
082 _aT000x42 H944
100 _aHurstfield, J.
245 _aThe control of raw materials
_cby J.Hurstfield
260 _aLondon
_bHer Majesty's Stationery Office
_c1953
300 _axiv,530p.
650 _aRaw materials
650 _aWorld War, 1939-1945 --Economic aspects
999 _c430475
_d430475